Manažment spracovania bioodpadu v krízových podmienkach dizertačná práca

Enregistré dans:
Détails bibliographiques
Auteur principal: Jaška, Juraj, 1979-
Collectivité auteur: Fakulta podnikového manažmentu EU. Katedra manažmentu
Autres auteurs: Jankelová, Nadežda, 1966-
Format: Livre
Langue:slovaque
Publié: Bratislava 2016
Sujets:
Tags: Ajouter un tag
Pas de tags, Soyez le premier à ajouter un tag!

MARC

LEADER 00000nbm a2200000 4500
001 0222118
005 20230313085716.1
041 0 |a slo 
044 |a SK 
245 1 0 |a Manažment spracovania bioodpadu v krízových podmienkach  |b dizertačná práca  |c Juraj Jaška ; školiteľ: Nadežda Jankelová 
264 1 |a Bratislava  |c 2016 
300 |a 124 s. 
610 2 0 |a biomasa 
610 2 0 |a bioodpad 
610 2 0 |a kríza energetická 
610 2 0 |a energetika 
610 2 0 |a zber separovaný 
610 2 0 |a samospráva 
610 2 0 |a hospodárstvo odpadové 
610 2 0 |a Slovensko 
610 2 0 |a Európa 
100 1 |a Jaška, Juraj, 1979- 
700 1 |a Jankelová, Nadežda, 1966- 
710 2 |a Fakulta podnikového manažmentu EU. Katedra manažmentu